| 000 | 00580 a2200169 4500 | ||
|---|---|---|---|
| 999 |
_c4852 _d4852 |
||
| 010 | _aENG-86629 | ||
| 020 |
_a8190205544 _c595.00 |
||
| 035 | _aEN-70162 | ||
| 037 | _bDBAD / PUB | ||
| 082 | 1 | 4 | _a801.95 |
| 100 | 1 | _aDeshpande, H. V. | |
| 245 | 1 |
_aLiterature and literacy criticism : _cby H.V.Deshpande _bIndian and western perspectives / |
|
| 260 |
_aJaipur _bShruti Puiblications _c2006 |
||
| 270 |
_a50-Ka-6, Jyoti Nagar, _bJaipur _e302 005 _k0141-274653 _mshruti_publication@yahoo.co.in |
||
| 300 |
_axii, 172 p _c21 cm (Hb) |
||
| 942 |
_adpl _cEN _2ddc _h801.95 _mDES |
||